000 00498nam a2200217Ia 4500
003 OSt
005 20220928151557.0
006 a|||||r|||| 00| 0
007 ta
008 220927b |||||||| |||| 00| 0 eng d
024 _a128874
037 _cTextual
040 _aSDCL
_cSDCL
_beng
041 _2eng
_aeng
082 _aX:51, N4
100 _aGupta S L
245 0 _aMarketing sense
260 _c1994
942 _hX:51, N4
_cTEXL
_2CC
999 _c852061
_d852061